000 01605nam0a22002651 4500
001 rc\390904
005 20260407131031.0
035 _a(NLR Aleph) 005640832
090 _a6667149
_c6667149
100 _a20030616d1989 |||y0rusy50 ca
101 0 _arus
102 _aRU
105 _ay |||||||||
200 1 _aОсновные направления совершенствования торговли на селе важнейшими потребительскими комплексами товаров народного потребления
_eМетод. рекомендации в помощь преподавателям-пропагандистам произв.-экон. семинаров по курсу "Основные направления совершенствования орг. кооп. торговли"
_f[Разраб. Т.К. Серегиной]
210 _aМ.
_cЦУМК Центросоюза
_d1989
215 _a28 с.
_d20
225 1 _aСистема производственно-экономической учебы
_fЦентросоюз СССР, Совет по произв.-экон. обучению, Центр. учеб.-метод. каб.
320 _aБиблиогр.: с. 24-27
702 1 _aСерегина
_bТ.К.
_gТамара Константиновна
_4570
712 0 2 _aЦентросоюз
_bСовет по производственно-экономическому обучению
_3RU\NLR\AUTH\889980954
_9458120
801 0 _aRU
_bNLR
_gpsbo
801 1 _aRU
_bELAR
_2rusmarc
852 _aNLR
_j89-4/24582
942 _cBOOK
980 _aNB